Normal view
MARC view
Entry Personal Name
001 - CONTROL NUMBER
- control field: 22785
003 - CONTROL NUMBER IDENTIFIER
- control field: ARRUPE
005 - DATE AND TIME OF LATEST TRANSACTION
- control field: 20160307154320.0
008 - FIXED-LENGTH DATA ELEMENTS
- fixed length control field: 160307|| aca||aabn | a|a d
040 ## - CATALOGING SOURCE
- Original cataloging agency: ARRUPE
- Transcribing agency: ARRUPE
100 ## - HEADING--PERSONAL NAME
- Personal name: Mya︡china, E. N.
- Fuller form of name: (Ekaterina Nikolaevna)
670 ## - SOURCE DATA FOUND
- Source citation: Work cat.: (ARRUPE)0: Mya︡china, E. N. (Ekaterina Nikolaevna), The Swahili language :, 1981.